000
00251nam a2200097Ia 4500
008
240331s9999 xx 000 0 und d
082
_a
294.38
_b
PER
100
_a
Perera, M.Theodore
245
4
_a
the Dhammapada :
_b
Yamaka Vagga and Appamada Vagga
942
_c
L
999
_c
933
_d
933